000 00698nam a22002057a 4500
999 _c4519
_d4519
003 AR-CdUCM
008 190308b ||||| |||| 00| 0 spa d
040 _aMUNICIPALIDAD PROVINCIAL DEL CUSCO
_cBIBLIOTECA MUNICIPAL DEL CUSCO
082 _a923.2 /
_bM29
100 _aManzano, Rafael
_914171
245 _aCharles De Gaulle /
_b(Biografía) :
260 _aBarcelona :
_bCEDRO,
_c1962.
300 _a288 paginas ;
_c20 cm.
505 _aCamino del desastre --Aun nos queda el imperio para luchar -- Un ejercito llama a un general -- Argelia se arria el pabellón Francés.
650 _aFrancia
_91444
650 _aNovela
_95
650 _aSiglo XX
_98
942 _2ddc
_cLIBROS
945 _awnts